000 00540nam a2200181Ia 4500
005 20250326140638.0
008 250326s9999 xx 000 0 und d
037 _aTextbook
040 _aFMSL
_beng
_cFMSL
041 _aeng
_2eng
084 _aX:5.1 P0
_qFMSL
100 _aRao V L
_9461923
245 0 _aFicial and consultancy servoces: Issues in international trade
_cRao V L; Wengal J
260 _aNew Delhi
_bNew Delhi, Sage Publications
_c2000
300 _a307p
942 _cTB
_hX:5.1 P0
999 _c1286707
_d1286707